| 000 | 00470nam a2200181Ia 4500 | ||
|---|---|---|---|
| 008 | 240925s9999 xx 000 0 und d | ||
| 020 | _aNA | ||
| 082 | _a491.433 ULB | ||
| 100 | _aURDU Lughat Board Karachi | ||
| 245 | 0 | _aUrdu Logot ( tareekhe usool per ) | |
| 250 | _aNA | ||
| 260 |
_aKarachi: _bTaraqe urdu board _c,1991. |
||
| 300 |
_a976p. _bNA _fPhotocopy |
||
| 500 | _aNA | ||
| 600 | _aHumanities & Natural Science | ||
| 650 | _aOther languages | ||
| 942 | _cBK | ||
| 999 |
_c7234 _d7234 |
||